| 000 | 02092nam a2200337 i 4500 | ||
|---|---|---|---|
| 003 | DO-SdBNP | ||
| 005 | 20260303104746.0 | ||
| 007 | ta | ||
| 008 | 260303b2000 dr ||||| |||| 00| 0 spa d | ||
| 040 |
_aDO-SdBNP _bspa _cBNPHU _erda |
||
| 041 | _aspa | ||
| 082 | 4 |
_axxx _bR426L _222 |
|
| 111 | 1 |
_aCumbre de Jefes de Estado y de Gobierno de la Asociación de Estados del Caribe _n(2da. : _d16-17, abril : _cSanto Domingo) _989114 |
|
| 245 | 1 | 0 |
_aSegunda cumbre de jefes de estado y gobierno de los países de África, caribe y pacífico : _bmemoria / _ccoordinadora, Ana E. Martínez ; asesores, Eduardo Latorre, foto, Anne Casale ; diseño y arte final, Ninón León de Saleme. |
| 264 |
_aSanto Domingo, República Dominicana : _bSecretaría de Estado de Relaciones Exteriores, _c2000. |
||
| 300 |
_a226 páginas ; _c23 cm. |
||
| 336 |
_atexto _btxt _2rdacontent |
||
| 337 |
_asin mediación _bn _2rdamedia |
||
| 338 |
_avolumen _bnc _2rdacarrier |
||
| 500 | _aPortada fotografía oficial de los Jefes de Estado y de Gobierno en los Jardines el Hotel Renaissance Jaragua | ||
| 505 | _aPresentación -- La Asociación de Estados del Caribe (AEC) , Información general sobre los países miembros de la Asociación de Estados del Caribe -- Países de África -- Países del Caribe -- Países del Pacífico -- Ceremonia de inauguración de la reunión extraordinaria del consejo de ministro ACP 22 de noviembre de 1999 -- Ceremonia de inauguración 25 de noviembre de 1999 -- Sesión de trabajo 25 de noviembre de 1999 -- Ceremonia de clausura 26 de noviembre de 1999 -- Documentos finales | ||
| 590 | _aInventariado, 2026 LP | ||
| 700 | 1 |
_aMartínez, Ana E. _ecoordinador _4co. _92505 |
|
| 700 | 1 |
_aCabral de Arcalá, Conchita Mercedes, _easesor _4asc. _989115 |
|
| 700 | 1 |
_aLatorre, Eduardo, _easesor _4asc. _989116 |
|
| 700 | 1 |
_aCasale, Anne, _efotógrafo _4fot. _972639 |
|
| 700 | 1 |
_aLeón de Saleme, Ninón _ediseñador _4di. _91566 |
|
| 711 | 1 |
_aSegunda Cumbre de Jefes de Estado y de Gobierno de los paises de África, Caribe y Pacifico,1999 _989113 |
|
| 910 | _aLP | ||
| 942 |
_2ddc _cLBS1 |
||
| 999 |
_c60410 _d60410 |
||